000 00952nam a2200277 a 4500
001 4918633
003 ARRUPE
005 20140925020006.0
008 941018s1994 enka 000 0 eng
010 _a 94220352
020 _a1898088055
040 _aDLC
_cDLC
043 _af-rw---
050 0 0 _aDT450.435
_b.G46 1994
100 _aAbdulai, Napoleon
_92466
245 0 0 _aGenocide in Rwanda :
_bbackground & current situation /
_cedited by Napoleon Abdulai.
260 _aLondon :
_bAfrica Research and Information Centre,
_c1994.
300 _a68 p. :
_bill. ;
_c21 cm.
650 0 _aGenocide
_zRwanda.
_92467
651 0 _aRwanda
_xHistory
_yCivil War, 1994
_xAtrocities.
_92468
651 0 _aRwanda
_xEthnic relations.
_92469
700 1 _aAbdulai, Napoleon.
_92470
906 _a7
_bcbc
_corignew
_d2
_encip
_f19
_gy-gencatlg
942 _2lcc
_cMONOGRAPH
_03
999 _c118331
_d118331